Zákon z 22. októbra 2009, ktorým sa mení a dopĺňa zákon č. 595/2003 Z.z. o dani z príjmov ...

Novelizácia zákona o dani z príjmov s Dôvodovou správou k novele tohto zákona.

Gespeichert in:
Bibliographische Detailangaben
Format: Buchkapitel
Sprache:Slowakisch
Schlagworte:
Tags: Tag hinzufügen
Keine Tags, Fügen Sie das erste Tag hinzu!

MARC

LEADER 00000naa$a2200000$$$4500
001 0106597
005 20230927074838.4
041 0 |a slo 
044 |a SK 
245 1 0 |a Zákon z 22. októbra 2009, ktorým sa mení a dopĺňa zákon č. 595/2003 Z.z. o dani z príjmov ... 
520 |a Novelizácia zákona o dani z príjmov s Dôvodovou správou k novele tohto zákona. 
610 2 0 |a dane z príjmov 
610 2 0 |a zákony 
610 2 0 |a novelizácia 
610 2 0 |a správy dôvodové 
610 2 0 |a Slovensko 
610 2 0 |a 2003-2009